Separated /
Documental del célebre y multipremiado cineasta Errol Morris acerca de las crueles políticas migratorias de Donald Trump durante su primer periodo de gobierno de los Estados Unidos, a partir de conocer las historias de familias separadas por estas políticas. La película se basa en el libro “Separate...
Guardat en:
| Autor principal: | |
|---|---|
| Altres autors: | , , , , , |
| Format: | |
| Idioma: | anglès |
| Publicat: |
EUA :
Fourth Floor Productions : Moxie Pictures : NBC,
2024, c2024
|
| Matèries: | |
| Etiquetes: |
Sense etiquetes, Sigues el primer a etiquetar aquest registre!
|
MARC
| LEADER | 00000ngm^a2200000^a^4500 | ||
|---|---|---|---|
| 001 | 000618763 | ||
| 005 | 20250819000000.0 | ||
| 009 | 20260310133807.081 | ||
| 037 | |a Acervo ITESO - Biblioteca | ||
| 041 | |a ING | ||
| 082 | |a 304. 873 |b MOR | ||
| 100 | |a Morris, Errol |e (realización) | ||
| 245 | 1 | 0 | |a Separated / |c Realización de E. Morris. |
| 246 | 2 | |a Título en México: no conocido/no identificado | |
| 264 | 4 | |a EUA : |b Fourth Floor Productions : |b Moxie Pictures : |b NBC, |c 2024, c2024 | |
| 264 | 2 | |a Nueva York, EUA : |b Kino Lorber [distribución], |c 2024, c2024 | |
| 300 | |a 1 DVD región 1 (93 min.) : |b color | ||
| 336 | |a imagen móvil bidimensional |b tdi |2 rdacontenido | ||
| 337 | |a video |b v |2 rdamedio | ||
| 338 | |a videodisco |b vd |2 rdasoporte | ||
| 500 | |a Basado en: Separated: Inside an American Tragedy, de Jacob Soboroff | ||
| 520 | |a Documental del célebre y multipremiado cineasta Errol Morris acerca de las crueles políticas migratorias de Donald Trump durante su primer periodo de gobierno de los Estados Unidos, a partir de conocer las historias de familias separadas por estas políticas. La película se basa en el libro “Separated: Inside an American Tragedy”, del periodista de la NBC Jacob Soboroff, quien dio seguimiento a cerca de 1,300 niños que quedaron separados de sus familias y retenidos en campos de detención. | ||
| 546 | |a En inglés, con subtítulos opcionales: inglés | ||
| 649 | |a XX | ||
| 650 | |a Niños - |z EUA - |x Condiciones Políticas | ||
| 650 | |a Niños - |z EUA - |x Condiciones Jurídicas - |x Tema Principal | ||
| 650 | |a Migrantes - |z EUA - |x Condiciones Políticas | ||
| 650 | |a Migrantes - |z EUA - |x Condiciones Jurídicas | ||
| 650 | |a Docuficciones | ||
| 650 | |a Documentales | ||
| 650 | |a Cine Social y Político | ||
| 650 | |a Cine Norteamericano - |y 2020-2029 | ||
| 650 | |a Cine Norteamericano - |y Siglo XXI | ||
| 650 | |a Deserción y Abandono - |z EUA - |x Aspectos Políticos | ||
| 650 | |a Relaciones Familiares - |z EUA - |x Aspectos Políticos | ||
| 650 | |a Deportación |z EUA - |x Historia - |y 2017-2021 - |x Tema Principal | ||
| 650 | |a Derecho Migratorio - |z EUA - |x Historia - |y 2017-2021 | ||
| 650 | |a Política Migratoria - |z EUA - |x Historia - |y 2017-2021 - |x Tema Principal | ||
| 650 | |a Política Exterior - |z EUA - |x Historia - |y 2017-2021 | ||
| 650 | |a Política - |z EUA - |x Historia - |y 2017-2021 | ||
| 700 | |a Soboroff, Jacob |e (guión) | ||
| 700 | |a Martinovic, Igor |e (fotógrafo) | ||
| 700 | |a Manuel, Andrea |e (vestuario) | ||
| 700 | |a Hathaway, Steven |e (montaje) | ||
| 700 | |a Torres, Klenimber |e (montaje) | ||
| 700 | |a Leonard-Morgan, Paul |e (música) | ||
| 910 | |a Fondo General | ||
| 920 | |a Audiovisuales - DVDs | ||
| 940 | |a Películas | ||
| 905 | |a 302 | ||
| 901 | |a 618763-10 |b IT2 |c DVS |i C190313 |u 20250819 | ||
| 902 | |a https://opac.biblio.iteso.mx/vufind/Record/000618763 | ||